000 00436nam a22001697a 4500
003 MPLRDC
005 20220104114209.0
008 210129b ||||| |||| 00| 0 eng d
082 _a782.872 KX-3
100 _a王宏刚、富育光、李国梁 编
245 _a康熙的传说
_c
250 _a一版一刷
260 _a
_b中国民间文艺出版社
_c1985
300 _b
650 _a康熙传记
942 _cBK
_o782.872 KX-3
999 _c5582
_d5572